000
00308nam a22001337a 4500
008
190311b xxu||||| |||| 00| 0 eng d
020
_a
9780195130454
041
_a
eng
080
_2
4th
_a
371
100
_a
46
101
_a
EDU
245
_a
A Rhetoric for writing teachers
_c
Lindemann,E
942
_2
udc
_c
BK
999
_c
54667
_d
54667